000 00233nam a22000857a 4500
008 160916b xxu||||| |||| 00| 0 eng d
100 _9564
_aGupta.S.P.etal
245 _aEnvironmental Studies-5
260 _aNew Delhi
_bAPC. publications
_c2011
999 _c3220
_d3220